| 000 | 00452cam a2200169ua 4500 | ||
|---|---|---|---|
| 041 |
_aeng _h |
||
| 082 |
_a627.52 _bSTE/SM |
||
| 100 | _aStern, Peter H . | ||
| 245 |
_aSmall scale irrigation: A Manual of low cost water technology / _cPeter H Stern. _hTextual Documents |
||
| 250 |
_a1 / _b. |
||
| 260 |
_aJodhpur : _bScientific Publishers , _c1990. |
||
| 300 | _a152 ; . | ||
| 500 | _a16898 Ref | ||
| 504 | _a | ||
| 942 | _cBK | ||
| 999 |
_c6770 _d6770 |
||